000
00268nam a2200109Ia 4500
008
200302s9999 xx 000 0 und d
100
_a
Dan Klein & ward Lloyd
245
_a
The History of Glass
260
_b
Little Brown and Company
260
_c
2000
300
_a
288 P.,
999
_c
5130
_d
5130